[Event "EU-ch 25th"]
[Site "Eforie Nord"]
[Date "2025.03.26"]
[Round "11"]
[White "Parligras, Mircea Emilian"]
[Black "Ahmad, Khagan"]
[Result "1/2-1/2"]
[WhiteElo "2518"]
[BlackElo "2391"]
[PlyCount "111"]
[EventDate "2025.03.15"]
[EventType "swiss"]
[EventRounds "11"]
[EventCountry "ROU"]
[SourceTitle "CB13_2025"]
[SourceDate "2025.03.26"]
[SourceVersion "1"]
[SourceVersionDate "2025.03.26"]
[SourceQuality "1"]

1. d4 Nf6 2. c4 e6 3. Nf3 d5 4. Nc3 Bb4 5. Bg5 h6 6. Bxf6 Qxf6 7. e3 0-0 8. Rc1 dxc4 9. Bxc4 c5 10. 0-0 cxd4 11. Ne4 Qe7 12. a3 Ba5 13. Qxd4 Rd8 14. Qe5 Bb6 15. Rfd1 Nc6 16. Rxd8+ Bxd8 17. Qh5 Bd7 18. g4 Rc8 19. Rd1 Na5 20. Bb5 Bxb5 21. Qxb5 Bc7 22. Rd7 Qe8 23. g5 a6 24. Qd3 Rd8 25. Rxd8 Qxd8 26. Qc2 Nc6 27. gxh6 gxh6 28. Qc3 f5 29. Ng3 Kf7 30. Qb3 Na5 31. Qb4 Qd5 32. Nd2 Bd6 33. Qc3 Be5 34. Qc2 Qc6 35. Qb1 Nc4 36. Nxc4 Qxc4 37. Qd1 Ke7 38. b3 Qc3 39. Kg2 Qc6+ 40. Kh3 Qd6 41. Qf3 Qb6 42. b4 Qc6 43. Qh5 Bb2 44. Qxh6 Bxa3 45. Qg7+ Kd8 46. Qd4+ Kc8 47. e4 fxe4 48. Nxe4 e5 49. Qxe5 Bxb4 50. Qh8+ Kc7 51. Qe5+ Kb6 52. Qd4+ Kb5 53. Qd3+ Ka4 54. f4 Qe6+ 55. Kh4 b5 56. Qd1+ 1/2-1/2

[Event "EU-ch 25th"]
[Site "Eforie Nord"]
[Date "2025.03.24"]
[Round "9"]
[White "Parligras, Mircea Emilian"]
[Black "Turski, Bartlomiej"]
[Result "1/2-1/2"]
[WhiteElo "2518"]
[BlackElo "2369"]
[PlyCount "52"]
[EventDate "2025.03.15"]
[EventType "swiss"]
[EventRounds "11"]
[EventCountry "ROU"]
[SourceTitle "CB13_2025"]
[SourceDate "2025.03.26"]
[SourceVersion "1"]
[SourceVersionDate "2025.03.26"]
[SourceQuality "1"]

1. d4 Nf6 2. c4 g6 3. Nc3 Bg7 4. e4 d6 5. h3 0-0 6. Be3 Nbd7 7. Nf3 e5 8. Bd3 exd4 9. Nxd4 Nc5 10. 0-0 Re8 11. Qc2 a6 12. Rfe1 Bd7 13. a4 a5 14. Rad1 Nxd3 15. Qxd3 Be6 16. Bg5 Qc8 17. Nd5 Bxd5 18. cxd5 Nd7 19. Qc2 Nc5 20. Nb5 Qd7 21. b3 Rac8 22. f4 c6 23. dxc6 Rxc6 24. Na7 Rc7 25. Nb5 Rc6 26. Na7 Rc7 1/2-1/2

[Event "EU-ch 25th"]
[Site "Eforie Nord"]
[Date "2025.03.23"]
[Round "8"]
[White "Lazov, Toni"]
[Black "Parligras, Mircea Emilian"]
[Result "1/2-1/2"]
[WhiteElo "2400"]
[BlackElo "2518"]
[PlyCount "221"]
[EventDate "2025.03.15"]
[EventType "swiss"]
[EventRounds "11"]
[EventCountry "ROU"]
[SourceTitle "CB13_2025"]
[SourceDate "2025.03.26"]
[SourceVersion "1"]
[SourceVersionDate "2025.03.26"]
[SourceQuality "1"]

1. e4 c5 2. Nf3 d6 3. Bb5+ Nd7 4. d4 cxd4 5. Qxd4 a6 6. Be2 Ngf6 7. 0-0 e5 8. Qe3 Nc5 9. Nc3 Be7 10. Rd1 Ng4 11. Qd2 Nf6 12. Qe3 Bd7 13. a4 Ng4 14. Qd2 Nf6 15. Qe3 0-0 16. h3 b5 17. axb5 axb5 18. Rxa8 Qxa8 19. Bxb5 Bxb5 20. Nxb5 Ncxe4 21. Qe2 Rc8 22. Bg5 d5 23. Bh4 Bc5 24. Nc3 Nxc3 25. bxc3 Ne4 26. Ng5 Qc6 27. Nxe4 dxe4 28. Bg3 Re8 29. Kh1 Bf8 30. c4 f5 31. Rd5 Bd6 32. Qd2 Bc7 33. Qg5 f4 34. Bh2 Qe6 35. Qh5 Rf8 36. Qe2 Qf5 37. c5 h6 38. Rd1 Rf6 39. Re1 Rc6 40. Qc4+ Qf7 41. Qxe4 Rxc5 42. g3 Qd5 43. gxf4 exf4 44. f3 Qxe4 45. Rxe4 g5 46. c4 Kf7 47. h4 Ra5 48. hxg5 hxg5 49. Bg1 Ra2 50. c5 Rc2 51. Ra4 Be5 52. Ra6 Ke7 53. Rg6 Bf6 54. Rh6 g4 55. fxg4 f3 56. Rh2 Rc1 57. Rf2 Bd4 58. Rxf3 Rxg1+ 59. Kh2 Rxg4 60. Kh3 Rg5 61. Rf4 Bxc5 62. Rg4 Rf5 63. Rg6 Kf7 64. Rc6 Bd4 65. Kg4 Rf1 66. Rd6 Bf6 67. Rd3 Ke6 68. Rf3 Re1 69. Rd3 Be5 70. Kf3 Kf5 71. Re3 Ra1 72. Rd3 Rb1 73. Ke2 Bf4 74. Rd1 Rb3 75. Rd3 Rb2+ 76. Kf3 Rh2 77. Rd5+ Be5 78. Rd3 Rh4 79. Ke3 Rf4 80. Ke2 Re4+ 81. Re3 Ra4 82. Kf3 Bd4 83. Rb3 Bc5 84. Rc3 Ba7 85. Rb3 Rf4+ 86. Kg3 Bf2+ 87. Kh3 Ke4 88. Ra3 Rf8 89. Kg2 Bd4 90. Rg3 Be5 91. Rh3 Rg8+ 92. Kf2 Bd4+ 93. Ke2 Rg2+ 94. Kf1 Rf2+ 95. Ke1 Be3 96. Rh8 Ra2 97. Kf1 Kd3 98. Rd8+ Bd4 99. Rf8 Rb2 100. Rf3+ Ke4 101. Rh3 Bf2 102. Rh8 Bg3 103. Rf8 Bf4 104. Ke1 Kf3 105. Rd8 Rb7 106. Rd3+ Be3 107. Rd8 Rh7 108. Kd1 Rc7 109. Ke1 Rc1+ 110. Rd1 Rxd1+ 111. Kxd1 1/2-1/2

[Event "ROM-ch"]
[Site "Craiova"]
[Date "2025.02.23"]
[Round "9"]
[White "Cnejev, Vladimir Alexandru"]
[Black "Parligras, Mircea Emilian"]
[Result "0-1"]
[WhiteElo "2300"]
[BlackElo "2528"]
[PlyCount "78"]
[EventDate "2025.02.15"]
[EventType "swiss"]
[EventRounds "9"]
[EventCountry "ROU"]
[SourceTitle "CB09_2025"]
[SourceDate "2025.02.27"]
[SourceVersion "1"]
[SourceVersionDate "2025.02.27"]
[SourceQuality "1"]

1. e4 c5 2. c3 d5 3. exd5 Qxd5 4. d4 Nf6 5. Nf3 e6 6. Na3 a6 7. Nc4 Nbd7 8. a4 b6 9. Be2 Bb7 10. 0-0 cxd4 11. cxd4 Rc8 12. b3 Bb4 13. Bd2 Bxd2 14. Qxd2 0-0 15. Rfe1 b5 16. axb5 axb5 17. Na5 Ba8 18. Qb4 Rb8 19. Rac1 Nh5 20. Bf1 Nf4 21. Re3 Qf5 22. Qd6 Nf6 23. Nc6 Bxc6 24. Qxc6 N6d5 25. Re5 Nh3+ 26. gxh3 Qxf3 27. Bg2 Qxb3 28. Bxd5 exd5 29. Kg2 b4 30. Rc5 Qd3 31. Rcxd5 b3 32. Re3 Qg6+ 33. Qxg6 fxg6 34. Re1 Rfd8 35. Rc5 Rxd4 36. Rec1 b2 37. Rc8+ Rd8 38. Rxd8+ Rxd8 39. Rb1 Rb8 0-1

[Event "BCF-chT 2425 (4NCL)"]
[Site "England"]
[Date "2025.01.25"]
[Round "3.22"]
[White "Parligras, Mircea Emilian"]
[Black "Bates, Richard"]
[Result "1-0"]
[WhiteElo "2528"]
[BlackElo "2316"]
[PlyCount "57"]
[EventDate "2024.11.23"]
[EventType "team-swiss"]
[EventRounds "11"]
[EventCountry "ENG"]
[SourceTitle "CB14_2025"]
[SourceDate "2024.11.01"]
[SourceVersion "1"]
[SourceVersionDate "2024.11.01"]
[SourceQuality "1"]
[WhiteTeam "Manx Liberty"]
[BlackTeam "Blackthorne Russia"]
[WhiteTeamCountry "ENG"]
[BlackTeamCountry "ENG"]

1. d4 Nf6 2. c4 g6 3. Nc3 Bg7 4. e4 d6 5. h3 0-0 6. Be3 c5 7. Nf3 Nbd7 8. d5 b5 9. cxb5 a6 10. a4 Qa5 11. Nd2 axb5 12. Bxb5 Ba6 13. Ra3 Bxb5 14. axb5 Qb6 15. Nc4 Qb7 16. Na5 Qc7 17. Nc6 Nb6 18. Qb3 Qd7 19. 0-0 e6 20. Rfa1 exd5 21. exd5 Kh8 22. Rxa8 Rxa8 23. Rxa8+ Nxa8 24. b6 Qb7 25. Na4 Nd7 26. Na5 Qb8 27. b7 Nc7 28. Nc6 Qe8 29. Nb6 1-0

[Event "EU-ch 24th"]
[Site "Petrovac"]
[Date "2024.11.15"]
[Round "7"]
[White "Magold, Filip"]
[Black "Parligras, Mircea Emilian"]
[Result "1-0"]
[WhiteElo "2405"]
[BlackElo "2550"]
[PlyCount "109"]
[EventDate "2024.11.08"]
[EventType "swiss"]
[EventRounds "11"]
[EventCountry "MNE"]
[SourceTitle "CB47_2024"]
[SourceDate "2024.11.20"]
[SourceVersion "1"]
[SourceVersionDate "2024.11.20"]
[SourceQuality "1"]

1. d4 d6 2. Nf3 Nf6 3. c4 g6 4. Nc3 Bg7 5. e4 Bg4 6. Be2 Bxf3 7. gxf3 Nfd7 8. Be3 e5 9. d5 Nf6 10. c5 dxc5 11. Bxc5 Nbd7 12. Be3 0-0 13. Qb3 c6 14. 0-0-0 cxd5 15. Nxd5 Nxd5 16. Rxd5 Qc8+ 17. Kb1 Nb6 18. Rb5 Qh3 19. a4 Bh6 20. a5 Bxe3 21. Qxe3 Nc8 22. Rxb7 Nd6 23. Rxa7 Rab8 24. Rd1 Nb5 25. Re7 Qc8 26. Bxb5 Rxb5 27. Rd5 Rb4 28. Qc5 Qb8 29. Rd2 Ra4 30. Qb6 Qc8 31. Rxe5 Qc4 32. Qb5 Qa2+ 33. Kc2 Rc8+ 34. Kd3 Qb1+ 35. Ke3 Qe1+ 36. Qe2 Qa1 37. Qb5 Qe1+ 38. Qe2 Qa1 39. Kf4 Qg1 40. Qb5 Qxh2+ 41. Ke3 Ra1 42. Re8+ Rxe8 43. Qxe8+ Kg7 44. Ke2 Rxa5 45. Rd8 Qc7 46. Qf8+ Kf6 47. Rc8 Qd7 48. f4 Rb5 49. b4 Qg4+ 50. Ke3 Qh3+ 51. f3 Qd7 52. Re8 Qa7+ 53. Kd3 Qa3+ 54. Kc4 Rxb4+ 55. Qxb4 1-0

[Event "EU-ch 24th"]
[Site "Petrovac"]
[Date "2024.11.09"]
[Round "2"]
[White "Parligras, Mircea Emilian"]
[Black "Tutisani, Noe"]
[Result "0-1"]
[WhiteElo "2550"]
[BlackElo "2411"]
[PlyCount "72"]
[EventDate "2024.11.08"]
[EventType "swiss"]
[EventRounds "11"]
[EventCountry "MNE"]
[SourceTitle "CB47_2024"]
[SourceDate "2024.11.20"]
[SourceVersion "1"]
[SourceVersionDate "2024.11.20"]
[SourceQuality "1"]

1. d4 d5 2. c4 dxc4 3. e3 e5 4. Bxc4 Nc6 5. Nf3 e4 6. Qb3 Nh6 7. Nfd2 f5 8. Nc3 Bd6 9. Nb5 Be7 10. Be2 a6 11. Nc3 Nf7 12. g4 Nd6 13. Nc4 Nxc4 14. Bxc4 Na5 15. Qa4+ c6 16. Be2 b5 17. Qc2 0-0 18. Bd2 fxg4 19. Nxe4 Bf5 20. Bd3 Kh8 21. h3 g3 22. Nxg3 Bxd3 23. Qxd3 Nc4 24. Bc3 Ne5 25. Qe4 Nf3+ 26. Ke2 b4 27. Be1 Qa5 28. a4 Bd6 29. Rc1 Rae8 30. Qd3 Qd5 31. Qc4 Nxd4+ 32. Kf1 Qf3 33. Qxd4 Bxg3 34. Rg1 Rxe3 35. Rg2 Qe2+ 36. Kg1 Qxe1+ 0-1

[Event "HUN-chT 2425"]
[Site "Hungary"]
[Date "2024.11.02"]
[Round "1.1"]
[White "Bacrot, Etienne"]
[Black "Parligras, Mircea Emilian"]
[Result "1/2-1/2"]
[WhiteElo "2653"]
[BlackElo "2550"]
[PlyCount "62"]
[EventDate "2024.11.02"]
[EventType "team-tourn"]
[EventRounds "9"]
[EventCountry "HUN"]
[SourceTitle "CB45_2024"]
[Source "ChessBase"]
[SourceDate "2024.11.06"]
[SourceVersion "1"]
[SourceVersionDate "2024.11.06"]
[SourceQuality "1"]
[WhiteTeam "Ajka Sentimento"]
[BlackTeam "Paks"]
[WhiteTeamCountry "HUN"]
[BlackTeamCountry "HUN"]

1. e4 e5 2. Nf3 Nc6 3. Bb5 Nf6 4. 0-0 Nxe4 5. d4 Nd6 6. Bxc6 dxc6 7. dxe5 Nf5 8. Qxd8+ Kxd8 9. Nc3 Ke8 10. h3 h5 11. Bf4 Be7 12. Rad1 Nh4 13. Nxh4 Bxh4 14. Ne2 Be7 15. Nd4 g5 16. Bh2 Rh6 17. Rfe1 Bd8 18. f4 gxf4 19. Bxf4 Rg6 20. Kf2 c5 21. Nb5 Rb6 22. a4 Bd7 23. b3 Bxb5 24. axb5 a6 25. bxa6 Raxa6 26. Rd5 c4 27. bxc4 Ra4 28. Re4 Rc6 29. Rdd4 Ra2 30. Rd2 Ra4 31. Rdd4 Ra2 1/2-1/2

[Event "SRB-chT Central"]
[Site "Novi Pazar"]
[Date "2024.10.13"]
[Round "5.1"]
[White "Parligras, Mircea Emilian"]
[Black "Burovic, Rijad"]
[Result "1-0"]
[WhiteElo "2543"]
[BlackElo "2410"]
[PlyCount "93"]
[EventDate "2024.10.10"]
[EventType "team-tourn"]
[EventRounds "11"]
[EventCountry "SRB"]
[SourceTitle "CB43_2024"]
[Source "Chessbase"]
[SourceDate "2024.10.23"]
[SourceVersion "1"]
[SourceVersionDate "2024.10.23"]
[SourceQuality "1"]
[WhiteTeam "Surdulica Radnik"]
[BlackTeam "Tutin"]
[WhiteTeamCountry "SRB"]
[BlackTeamCountry "SRB"]

1. d4 Nf6 2. c4 g6 3. Nc3 Bg7 4. e4 d6 5. h3 0-0 6. Be3 e5 7. d5 Na6 8. Be2 Nc5 9. Qc2 a5 10. Nf3 Nh5 11. Bxc5 dxc5 12. 0-0-0 Nf4 13. Bf1 f5 14. Nd2 b6 15. g3 Nh5 16. Bd3 f4 17. g4 Nf6 18. g5 Ne8 19. Rdg1 Nd6 20. h4 Bd7 21. Bf1 Qe7 22. Bh3 f3 23. Qd3 Rf4 24. Rg3 Raf8 25. Kc2 R8f7 26. Bxd7 Qxd7 27. Rhh3 Rg4 28. Nxf3 Nxe4 29. Nxe4 Rxe4 30. Qxe4 Qa4+ 31. Kc1 Rf4 32. Qd3 Rxc4+ 33. Kb1 e4 34. Qb3 exf3 35. Qxa4 Rxa4 36. Rxf3 Rg4 37. Re3 Bd4 38. Re7 Rf4 39. Rxc7 Kf8 40. d6 Ke8 41. h5 Rf7 42. hxg6 hxg6 43. Rxf7 Kxf7 44. Rh7+ Ke8 45. f4 Kd8 46. Kc2 c4 47. f5 1-0

[Event "SRB-chT Central"]
[Site "Novi Pazar"]
[Date "2024.10.10"]
[Round "1.1"]
[White "Parligras, Mircea Emilian"]
[Black "Ilincic, Zlatko"]
[Result "1-0"]
[WhiteElo "2543"]
[BlackElo "2270"]
[PlyCount "71"]
[EventDate "2024.10.10"]
[EventType "team-tourn"]
[EventRounds "11"]
[EventCountry "SRB"]
[SourceTitle "CB43_2024"]
[Source "Chessbase"]
[SourceDate "2024.10.23"]
[SourceVersion "1"]
[SourceVersionDate "2024.10.23"]
[SourceQuality "1"]
[WhiteTeam "Surdulica Radnik"]
[BlackTeam "Gornji Milanovac"]
[WhiteTeamCountry "SRB"]
[BlackTeamCountry "SRB"]

1. d4 Nf6 2. c4 e6 3. Nc3 Bb4 4. e3 0-0 5. Bd3 d5 6. a3 Bxc3+ 7. bxc3 c5 8. cxd5 Qxd5 9. Nf3 b6 10. c4 Qh5 11. 0-0 Bb7 12. Be2 Ne4 13. Nd2 Qh4 14. Nxe4 Bxe4 15. f3 Bb7 16. dxc5 bxc5 17. Qd6 Na6 18. Qd7 Bc8 19. Qa4 Rb8 20. Ra2 e5 21. Rb2 Rxb2 22. Bxb2 Qh6 23. Qb3 Qe6 24. Rd1 f6 25. Bd3 Nc7 26. Qc2 h6 27. Be4 Qe7 28. Bc3 Be6 29. Ba5 Rb8 30. h3 Ne8 31. Bd5 Bxd5 32. Rxd5 Rc8 33. Qd3 Qe6 34. Rd7 a6 35. Bd8 Rc6 36. Re7 1-0

[Event "ROM-chT"]
[Site "Mamaia"]
[Date "2024.09.30"]
[Round "3.3"]
[White "Anton, Teodor"]
[Black "Parligras, Mircea Emilian"]
[Result "1/2-1/2"]
[WhiteElo "2427"]
[BlackElo "2537"]
[PlyCount "73"]
[EventDate "2024.09.28"]
[EventType "team-tourn"]
[EventRounds "9"]
[EventCountry "ROU"]
[SourceTitle "EXT 2025"]
[Source "ChessBase"]
[SourceDate "2024.10.14"]
[SourceVersion "1"]
[SourceVersionDate "2024.10.14"]
[SourceQuality "1"]
[WhiteTeam "Craiova Oltenia"]
[BlackTeam "Bucuresti ASE"]
[WhiteTeamCountry "ROU"]
[BlackTeamCountry "ROU"]

1. d4 Nf6 2. c4 e6 3. Nf3 d5 4. g3 Bb4+ 5. Bd2 Be7 6. Bg2 c6 7. Qc2 Nbd7 8. 0-0 0-0 9. Rd1 b6 10. Bf4 Ba6 11. Ne5 Rc8 12. Nc3 Bxc4 13. Nxc4 dxc4 14. e4 b5 15. a4 a6 16. axb5 axb5 17. d5 cxd5 18. exd5 e5 19. Bg5 Qb6 20. Bh3 Bc5 21. Bxf6 Nxf6 22. Bxc8 Rxc8 23. Qf5 Re8 24. d6 Bd4 25. Qf3 b4 26. Ra8 Kf8 27. Rxe8+ Kxe8 28. Qa8+ Kd7 29. Nd5 Qxd6 30. Qb7+ Ke6 31. Nxf6 Bxf2+ 32. Kxf2 Qxd1 33. Ne4 Qc2+ 34. Kf3 Qb3+ 35. Kg4 f5+ 36. Kh4 fxe4 37. Qc6+ 1/2-1/2

[Event "Olympiad-45"]
[Site "Budapest"]
[Date "2024.09.19"]
[Round "8.4"]
[White "Parligras, Mircea Emilian"]
[Black "Wang, Yue"]
[Result "1/2-1/2"]
[WhiteElo "2537"]
[BlackElo "2637"]
[PlyCount "67"]
[EventDate "2024.09.11"]
[EventType "team-swiss"]
[EventRounds "11"]
[EventCountry "HUN"]
[SourceTitle "EXT 2025"]
[Source "ChessBase"]
[SourceDate "2024.10.14"]
[SourceVersion "1"]
[SourceVersionDate "2024.10.14"]
[SourceQuality "1"]
[WhiteTeam "Romania"]
[BlackTeam "China"]
[WhiteTeamCountry "ROU"]
[BlackTeamCountry "CHN"]

1. d4 Nf6 2. c4 e6 3. Nf3 d5 4. Nc3 Bb4 5. Bg5 h6 6. Bxf6 Qxf6 7. e3 0-0 8. Rc1 Nc6 9. Be2 dxc4 10. Bxc4 Bxc3+ 11. bxc3 b6 12. 0-0 Bb7 13. Bd3 Rfd8 14. Qe2 Qe7 15. Bb1 Na5 16. Ne5 c5 17. Qc2 f5 18. Qe2 Rac8 19. Rcd1 cxd4 20. cxd4 Nc6 21. Nxc6 Bxc6 22. Rfe1 Qb4 23. e4 fxe4 24. Bxe4 Bxe4 25. Qxe4 Qc4 26. a3 Qd5 27. Qg4 Qf5 28. Qg3 Rc4 29. h3 Qf6 30. Re4 Rcxd4 31. Rexd4 Rxd4 32. Qb8+ Kh7 33. Rxd4 Qxd4 34. Qxa7 1/2-1/2

[Event "FRA-chT Top 16 Haute"]
[Site "Chartres"]
[Date "2024.06.06"]
[Round "1.28"]
[White "Pranesh, Munirethinam"]
[Black "Parligras, Mircea Emilian"]
[Result "1-0"]
[WhiteElo "2561"]
[BlackElo "2561"]
[PlyCount "125"]
[EventDate "2024.06.06"]
[EventType "team-tourn"]
[EventRounds "4"]
[EventCountry "FRA"]
[SourceTitle "CBM 220 Extra"]
[Source "ChessBase"]
[SourceDate "2024.07.31"]
[SourceVersion "1"]
[SourceVersionDate "2024.07.31"]
[SourceQuality "1"]
[WhiteTeam "Cannes"]
[BlackTeam "Grasse Echecs"]
[WhiteTeamCountry "FRA"]
[BlackTeamCountry "FRA"]

1. e4 e5 2. Nf3 Nc6 3. Bb5 Nf6 4. Nc3 Bb4 5. 0-0 0-0 6. d3 Bxc3 7. bxc3 d6 8. Bg5 h6 9. Bh4 Bd7 10. d4 Re8 11. Re1 a6 12. Bd3 Bg4 13. d5 Nb8 14. h3 Bxf3 15. Qxf3 Nbd7 16. Rab1 Nc5 17. Qe3 g5 18. Bg3 Nh5 19. Be2 Nf6 20. f3 Nh5 21. Bf2 Nf4 22. Bf1 h5 23. Qd2 b6 24. g3 Ng6 25. Be3 f6 26. h4 gxh4 27. Bxc5 bxc5 28. Qh6 Nf8 29. gxh4 Re7 30. Qxh5 Rg7+ 31. Kh2 Rh7 32. Qf5 Rxh4+ 33. Bh3 Qe7 34. Rb7 Rh6 35. Reb1 Rd8 36. Rb8 Kf7 37. Rc8 Rxc8 38. Qxc8 Rh7 39. Kg3 f5 40. Qxf5+ Kg8 41. Kf2 Rf7 42. Qh5 Rh7 43. Rg1+ Rg7 44. Bg4 Qf6 45. Bf5 Rxg1 46. Kxg1 Kg7 47. Kf2 Qd8 48. Qg4+ Kh8 49. Kg3 Qf6 50. Qh4+ Kg7 51. Qxf6+ Kxf6 52. Kg4 a5 53. a4 Kg7 54. Kg5 Kf7 55. f4 exf4 56. Kxf4 Kf6 57. Ke3 Ng6 58. Bxg6 Kxg6 59. Kd3 Kf6 60. Kc4 Ke5 61. Kb5 Kxe4 62. Kxa5 Kxd5 63. Kb5 1-0

[Event "FRA-chT Top 16 GpA"]
[Site "Chartres"]
[Date "2024.06.03"]
[Round "5.11"]
[White "Parligras, Mircea Emilian"]
[Black "Solakian Van Eyll, Jerome"]
[Result "1-0"]
[WhiteElo "2560"]
[BlackElo "2247"]
[PlyCount "61"]
[EventDate "2024.05.30"]
[EventType "team-tourn"]
[EventRounds "7"]
[EventCountry "FRA"]
[SourceTitle "CBM 220 Extra"]
[Source "ChessBase"]
[SourceDate "2024.07.31"]
[SourceVersion "1"]
[SourceVersionDate "2024.07.31"]
[SourceQuality "1"]
[WhiteTeam "Grasse Echecs"]
[BlackTeam "Paris Club 608"]
[WhiteTeamCountry "FRA"]
[BlackTeamCountry "FRA"]

1. d4 d5 2. c4 dxc4 3. Nf3 Nf6 4. e3 e6 5. Bxc4 c5 6. 0-0 Nc6 7. Nc3 a6 8. dxc5 Qxd1 9. Rxd1 Bxc5 10. Nd2 0-0 11. Nb3 Bb4 12. Bd2 Rd8 13. a3 Be7 14. e4 b5 15. Be2 b4 16. axb4 Bxb4 17. Be3 Bb7 18. Nc5 Bxc5 19. Bxc5 Nd7 20. Be3 Nb4 21. Rd2 Ne5 22. Rad1 Rxd2 23. Rxd2 a5 24. Bb6 Ba6 25. Bxa6 Nxa6 26. Rd4 Nb4 27. Kf1 Nec6 28. Rd6 Kf8 29. Bc5 Ke8 30. Nb5 Rc8 31. Rd2 1-0

[Event "FRA-chT Top 16 GpA"]
[Site "Chartres"]
[Date "2024.05.30"]
[Round "1.12"]
[White "Girel, Joseph"]
[Black "Parligras, Mircea Emilian"]
[Result "1/2-1/2"]
[WhiteElo "2474"]
[BlackElo "2560"]
[PlyCount "61"]
[EventDate "2024.05.30"]
[EventType "team-tourn"]
[EventRounds "7"]
[EventCountry "FRA"]
[SourceTitle "CBM 220 Extra"]
[Source "ChessBase"]
[SourceDate "2024.07.31"]
[SourceVersion "1"]
[SourceVersionDate "2024.07.31"]
[SourceQuality "1"]
[WhiteTeam "Marseille"]
[BlackTeam "Grasse Echecs"]
[WhiteTeamCountry "FRA"]
[BlackTeamCountry "FRA"]

1. d4 Nf6 2. c4 e6 3. Nf3 d5 4. g3 Bb4+ 5. Nbd2 dxc4 6. a3 Bxd2+ 7. Bxd2 Bd7 8. e3 Bb5 9. a4 Ba6 10. Qc2 Qd5 11. Bg2 Qf5 12. Qxf5 exf5 13. Rc1 Nbd7 14. Bf1 Nb6 15. a5 Nbd5 16. Ne5 Ne4 17. Bxc4 Bxc4 18. Rxc4 f6 19. Nd3 0-0-0 20. f3 Nxd2 21. Kxd2 Rhe8 22. Re1 Rd6 23. e4 fxe4 24. fxe4 Ne7 25. Rec1 Kb8 26. b4 c6 27. Rf1 Red8 28. Ke3 b5 29. axb6 axb6 30. Nf4 b5 31. Rc3 1/2-1/2

[Event "Bucharest Grand Prix op"]
[Site "Bucharest"]
[Date "2024.03.24"]
[Round "5"]
[White "Baranciuc, Alexandr"]
[Black "Parligras, Mircea Emilian"]
[Result "0-1"]
[WhiteElo "2336"]
[BlackElo "2543"]
[PlyCount "62"]
[EventDate "2024.03.23"]
[EventType "swiss (rapid)"]
[EventRounds "10"]
[EventCountry "ROU"]
[SourceTitle "CBM 219 Extra"]
[Source "ChessBase"]
[SourceDate "2024.05.31"]
[SourceVersion "1"]
[SourceVersionDate "2024.05.31"]
[SourceQuality "1"]

1. e4 e5 2. Nf3 Nc6 3. Bc4 Bc5 4. c3 Nf6 5. d3 a6 6. a4 Ba7 7. 0-0 d6 8. Re1 h6 9. Nbd2 g5 10. b4 Nh7 11. Kh1 Bxf2 12. Rf1 Bb6 13. Bxf7+ Kxf7 14. Nxe5+ Kg7 15. Nf7 Qe7 16. Nxh8 Kxh8 17. Qh5 Kg7 18. Bb2 Nf6 19. Qe2 Bg4 20. Nf3 Rf8 21. h3 Nh5 22. Kh2 Bxf3 23. Rxf3 Qe5+ 24. g3 Nxg3 25. Qg2 Nxe4+ 26. Kh1 Nf2+ 27. Kg1 Nxd3+ 28. Kh1 Nf2+ 29. Kg1 Nd1+ 30. Kh1 Rxf3 31. Qxf3 Qe1+ 0-1

[Event "Bucharest Grand Prix op"]
[Site "Bucharest"]
[Date "2024.03.24"]
[Round "9"]
[White "Brunello, Sabino"]
[Black "Parligras, Mircea Emilian"]
[Result "1-0"]
[WhiteElo "2515"]
[BlackElo "2543"]
[PlyCount "76"]
[EventDate "2024.03.23"]
[EventType "swiss (rapid)"]
[EventRounds "10"]
[EventCountry "ROU"]
[SourceTitle "CBM 219 Extra"]
[Source "ChessBase"]
[SourceDate "2024.05.31"]
[SourceVersion "1"]
[SourceVersionDate "2024.05.31"]
[SourceQuality "1"]

1. c4 e6 2. g3 d5 3. Nf3 dxc4 4. Qa4+ Nd7 5. Qxc4 a6 6. Qc2 b5 7. Nd4 Ne7 8. Bg2 Rb8 9. Nc3 c5 10. Ne4 Qb6 11. Nf3 Bb7 12. b3 Nf5 13. Bb2 Be7 14. e3 0-0 15. h4 Bxe4 16. Qxe4 Bf6 17. Bc3 Rfd8 18. 0-0 Rbc8 19. Rad1 c4 20. Bxf6 Nxf6 21. Qb1 Qd6 22. bxc4 bxc4 23. Rc1 Ng4 24. Qe4 Nf6 25. Qb1 Ng4 26. Qe4 Nf6 27. Qf4 Qxf4 28. gxf4 Ne4 29. Rc2 c3 30. d4 f6 31. Rfc1 Nfd6 32. Ne1 Rd7 33. f3 Ng3 34. Kf2 Ngf5 35. Rxc3 Rxc3 36. Rxc3 Nxh4 37. Bf1 a5 38. Nd3 Kf7 1-0

[Event "Bucharest Grand Prix op"]
[Site "Bucharest"]
[Date "2024.03.24"]
[Round "8"]
[White "Parligras, Mircea Emilian"]
[Black "Stoleriu, George"]
[Result "1-0"]
[WhiteElo "2543"]
[BlackElo "2391"]
[PlyCount "59"]
[EventDate "2024.03.23"]
[EventType "swiss (rapid)"]
[EventRounds "10"]
[EventCountry "ROU"]
[SourceTitle "CBM 219 Extra"]
[Source "ChessBase"]
[SourceDate "2024.05.31"]
[SourceVersion "1"]
[SourceVersionDate "2024.05.31"]
[SourceQuality "1"]

1. d4 Nf6 2. c4 g6 3. Nc3 Bg7 4. e4 d6 5. h3 0-0 6. Be3 c5 7. Nf3 cxd4 8. Nxd4 b6 9. Qd2 Bb7 10. f3 Nbd7 11. 0-0-0 Rc8 12. Bh6 a6 13. h4 Nh5 14. Rh3 e5 15. Bxg7 Nxg7 16. Nc2 Rc6 17. Nb4 Ne8 18. Nxc6 Bxc6 19. f4 exf4 20. Qxf4 Qe7 21. g4 Ne5 22. g5 Qe6 23. Nd5 b5 24. cxb5 Bxb5 25. Rc3 Ng7 26. Bh3 f5 27. gxf6 Qf7 28. Rc7 Nd7 29. Bxd7 Nh5 30. Qxd6 1-0

[Event "BCF-chT 2324 (4NCL)"]
[Site "England"]
[Date "2024.03.17"]
[Round "8.4"]
[White "Parligras, Mircea Emilian"]
[Black "Mitchell, Martin"]
[Result "1-0"]
[WhiteElo "2561"]
[BlackElo "2151"]
[PlyCount "71"]
[EventDate "2023.11.11"]
[EventType "team-tourn"]
[EventRounds "11"]
[EventCountry "ENG"]
[SourceTitle "EXT 2025"]
[Source "ChessBase"]
[SourceDate "2024.10.14"]
[SourceVersion "1"]
[SourceVersionDate "2024.10.14"]
[SourceQuality "1"]
[WhiteTeam "Manx Liberty"]
[BlackTeam "Alba"]
[WhiteTeamCountry "ENG"]
[BlackTeamCountry "ENG"]

1. d4 Nf6 2. c4 e6 3. Nf3 c5 4. d5 exd5 5. cxd5 d6 6. Nc3 g6 7. Nd2 Bg7 8. e4 0-0 9. Be2 Na6 10. 0-0 Nc7 11. a4 a6 12. Re1 Re8 13. a5 Bd7 14. Bf1 Nb5 15. h3 Nd4 16. Nf3 b5 17. axb6 Qxb6 18. Ra2 Bb5 19. Nxd4 Bxf1 20. Nc6 Bc4 21. Ra3 Nh5 22. g4 Nf6 23. b3 Bb5 24. Nxb5 Qxb5 25. Ra5 Qb6 26. Ra4 Nd7 27. Bf4 f5 28. Bxd6 Nf6 29. gxf5 gxf5 30. Ne7+ Rxe7 31. Bxe7 Nxe4 32. Raxe4 fxe4 33. d6 Bd4 34. Rxe4 Kh8 35. Rxd4 cxd4 36. Qg4 1-0